[Event "Pfalz op-B 11th"]
[Site "Neustadt an der Weinstrasse"]
[Date "2020.02.23"]
[Round "5"]
[White "Ewerhardy, Moritz"]
[Black "Bruegmann, Kai"]
[Result "1/2-1/2"]
[WhiteElo "1643"]
[BlackElo "1731"]
[PlyCount "28"]
[EventDate "2020.02.21"]
[EventType "swiss"]
[EventRounds "7"]
[EventCountry "GER"]
[SourceTitle "CBM 195 Extra"]
[Source "ChessBase"]
[SourceDate "2020.05.31"]
[SourceVersion "1"]
[SourceVersionDate "2020.05.31"]
[SourceQuality "1"]

1. d4 d5 2. c4 dxc4 3. Nc3 Nf6 4. e4 e6 5. Bxc4 a6 6. a3 b5 7. Ba2 Bb7 8. f3 Be7 9. Nge2 Nbd7 10. Nf4 e5 11. Bxf7+ Kxf7 12. Qb3+ Ke8 13. Ne6 Qc8 14. Nxg7+ Kd8 1/2-1/2

[Event "Pfalz op-B 11th"]
[Site "Neustadt an der Weinstrasse"]
[Date "2020.02.22"]
[Round "3"]
[White "Reissfelder, Matthias"]
[Black "Bruegmann, Kai"]
[Result "1-0"]
[WhiteElo "1845"]
[BlackElo "1731"]
[PlyCount "67"]
[EventDate "2020.02.21"]
[EventType "swiss"]
[EventRounds "7"]
[EventCountry "GER"]
[SourceTitle "CBM 195 Extra"]
[Source "ChessBase"]
[SourceDate "2020.05.31"]
[SourceVersion "1"]
[SourceVersionDate "2020.05.31"]
[SourceQuality "1"]

1. f4 d5 2. Nf3 Bf5 3. g3 c5 4. Bg2 Nc6 5. 0-0 Nf6 6. d3 e6 7. a4 Be7 8. Qe1 d4 9. Na3 0-0 10. Bd2 Bd6 11. Nc4 Bc7 12. h3 h6 13. g4 Bh7 14. e4 dxe3 15. Bxe3 Qe7 16. Qh4 Bd6 17. Rae1 Nd5 18. Nxd6 Qxd6 19. g5 hxg5 20. Nxg5 Nf6 21. Kh1 Ne7 22. Nxh7 Nxh7 23. Bd2 Nf5 24. Qf2 Qd4 25. Bc3 Qxf2 26. Rxf2 Nd4 27. Bxb7 Rab8 28. Bg2 Nf6 29. Rg1 Nh5 30. Bf1 Nf5 31. Rf3 Nh4 32. Re3 Nf5 33. Re5 Nxf4 34. Rxf5 1-0